000 00522pab a2200169 454500
008 180718b2003 xxu||||| |||| 00| 0 eng d
100 _aKellogg, Wendy a.
245 _aEnvironmental justice and information technologies: overcoming the information-access paradox in urban communities
260 _c2003
300 _ap.573-85.
362 _aSep-Oct
650 _aInformation technology
650 _aEnvironmental legislation
700 _aMathur, Anjali
773 _aPublic Administration Review
909 _a58113
999 _c58113
_d58113